Statistics for Party Rock Anthem - LMFAO - All Lyrics

Click here to take the quiz!

General Stats

  • This quiz has been taken 40 times
  • The average score is 307 of 475

Answer Stats

Answer% Correct
a
100%
Party
100%
party
100%
rock
100%
rock!,
100%
Rock
100%
I
97%
(Oh!)
97%
oh-oh
97%
Oh-oh-oh
97%
to
97%
To
97%
tonight
97%
(Woo!)
97%
Woo!
97%
woo!)
97%
house
94%
(Huh)
94%
the
94%
go!
91%
go!)
91%
In
91%
in
91%
we
91%
We
91%
yo',
91%
yo'
91%
Yo!
91%
Every
88%
Everybody
88%
good
88%
good,
88%
you
88%
(You
88%
you...
88%
and
85%
And
85%
have
85%
time
85%
lose
82%
your
82%
just
79%
make
79%
mind
79%
us
79%
gon'
76%
is
73%
that!
73%
that
73%
Shake
70%
shake
70%
(Hey!)
64%
I'm
64%
Yeah
64%
Yeah,
64%
(Yeah)
64%
wanna
61%
when
61%
see
58%
shufflin'
58%
Shufflin',
58%
Booty
52%
day
52%
(Let's
52%
Let’s
52%
up
52%
up,
52%
up)
52%
club:
48%
hands
48%
(Hands
48%
put
48%
Put
48%
(Put
48%
down,
45%
get
42%
Get
42%
it
42%
for
39%
on
39%
On
39%
our
39%
roll,
39%
roll
39%
top,
39%
no
36%
girl
33%
girl?
33%
got
33%
gots
33%
Led
33%
like
33%
my
33%
these
33%
Zeppelin
33%
be
30%
don't
30%
(Don't
30%
me
30%
sound
30%
devilish
27%
runnin'
27%
through
27%
'cause
24%
flow,
24%
halo
24%
hoes
24%
know
24%
Looking
24%
money,
24%
more
24%
now
24%
now!)
24%
Now
24%
this
24%
Where
24%
(You're
24%
(Another
21%
cup
21%
fill
21%
Non-stop
21%
One
21%
round!)
21%
she
21%
She
21%
shot
21%
spot
21%
stop-
21%
weight
21%
cash
18%
first
18%
jock
18%
rise
18%
that's
18%
throw
18%
around!)
15%
bad
15%
block
15%
drank?
15%
fast
15%
hatin'
15%
mad,
15%
mess
15%
Please
15%
Step
15%
domino
12%
Drano
12%
Gainin'
12%
Half-black,
12%
half-white:
12%
moving
12%
naked
12%
reppin'
12%
tattoo,
12%
crew
9%
dough
9%
jeans,
9%
Oprah,
9%
Tight
9%

Score Distribution

Percentile by Number Answered

Percent of People with Each Score

Your Score History

You have not taken this quiz